The Drum. (Record no. 14058)

MARC details
000 -LEADER
fixed length control field 00512nam a22001932 4500
001 - CONTROL NUMBER
control field 0000005490
005 - DATE AND TIME OF LATEST TRANSACTION
control field 20151217160104.0
008 - FIXED-LENGTH DATA ELEMENTS--GENERAL INFORMATION
fixed length control field 070615s xx 000 0 eng d
040 ## - CATALOGING SOURCE
Original cataloging agency KABU
Transcribing agency KABU
050 #0 - LIBRARY OF CONGRESS CALL NUMBER
Classification number PZ7
Item number .A2D78
100 1# - MAIN ENTRY--PERSONAL NAME
Personal name Achebe, Chinua.
-- 0000062831
245 14 - TITLE STATEMENT
Title The Drum.
260 ## - PUBLICATION, DISTRIBUTION, ETC. (IMPRINT)
Place of publication, distribution, etc. Nairobi :
Name of publisher, distributor, etc. EAEP,
Date of publication, distribution, etc. 1987.
300 ## - PHYSICAL DESCRIPTION
Extent 35 p.
908 ## - PUT COMMAND PARAMETER (RLIN)
Put command parameter 070615
950 ## - LOCAL HOLDINGS (RLIN)
-- 1
Holdings
Withdrawn status Lost status Source of classification or shelving scheme Not for loan Home library Current library Date acquired Total Checkouts Full call number Barcode Date last seen Date last checked out Copy number Price effective from Koha item type Total Renewals
    Library of Congress Classification   Kabarak, Main Campus Kabarak, Main Campus 17/12/2015 3 PZ7 .A2D78. C1 027809 22/05/2019 17/05/2019 C. 1 17/12/2015 Children Collection  
    Library of Congress Classification   Kabarak, Main Campus Kabarak, Main Campus 17/12/2015 5 PZ7 .A2D78 002245 22/05/2024 13/04/2024   17/12/2015 Children Collection 1
Designed with assistance from East African Informatics Ltd